Nommez toutes les communes du Haut-Rhin (avec carte) - Statistiques

Statistiques générales
  • Ce quiz a été pris 310 fois
  • Le résultat moyen est 51 sur 366
Réponses sur la Carte
Les réponses sont colorées sur une échelle allant du rouge au vert en fonction du pourcentage des utilisateurs qui les ont devinées à leur premier essai. Vous pouvez retrouver ces pourcentages ci-dessous.
 
Statistiques - réponses
Réponse % Correct
Mulhouse
92%
Colmar
91%
Saint Louis
75%
Thann
70%
Altkirch
69%
Cernay
65%
Guebwiller
57%
Rixheim
52%
Wittenheim
50%
Kingersheim
45%
Wittelsheim
44%
Illzach
41%
Munster
41%
Riedisheim
41%
Vieux Thann
41%
Kembs
40%
Lutter
38%
Pfastatt
38%
Ribeauville
38%
Ensisheim
37%
Huningue
37%
Habsheim
36%
Sierentz
36%
Bartenheim
35%
Dannemarie
34%
Lutterbach
34%
Neuf-Brisach
34%
Rouffach
34%
Sausheim
32%
Fessenheim
31%
Zillisheim
30%
Illfurth
29%
Ranspach
29%
Willer
29%
Ottmarsheim
28%
Aspach
27%
Burnhaupt le Haut
27%
Kruth
27%
Saint Amarin
27%
Sainte Marie aux Mines
27%
BLOTZHEIM
26%
BURNHAUPT LE BAS
26%
Ferrette
26%
Hesingue
26%
Morschwiller le Bas
26%
Niffer
26%
Village Neuf
26%
Wattwiller
26%
BOLLWILLER
25%
Petit-Landau
25%
Hirsingue
24%
Moosch
24%
Richwiller
24%
Riquewihr
24%
Battenheim
23%
Hombourg
23%
Rosenau
23%
Seppois le Bas
23%
Baldersheim
22%
BRUNSTATT DIDENHEIM
22%
Michelbach le bas
22%
Seppois le Haut
22%
Staffelfelden
22%
Turckheim
22%
Bantzenheim
21%
Bruebach
21%
Michelbach le haut
21%
BERRWILLER
20%
Buhl
20%
Fellering
20%
Hegenheim
20%
Sainte Croix en Plaine
20%
Soultz Haut Rhin
20%
Waldighoffen
20%
Wintzenheim
20%
Aspach le bas
19%
Bitschwiller les Thann
19%
Landser
19%
Leymen
19%
Pulversheim
19%
Reiningue
19%
Uffholtz
19%
Willer sur Thur
19%
Dietwiller
18%
Galfingue
18%
Issenheim
18%
Magstatt le Bas
18%
Meyenheim
18%
Muespach
18%
Orbey
18%
Ruelisheim
18%
Schlierbach
18%
Ungersheim
18%
Zimmersheim
18%
Jettingen
17%
Magstatt le Haut
17%
Ranspach le haut
17%
Bernwiller
16%
Geispitzen
16%
Lauw
16%
Ranspach le bas
16%
Tagolsheim
16%
Uffheim
16%
Walheim
16%
Ammerschwihr
15%
Eschentzwiller
15%
Folgensbourg
15%
Guewenheim
15%
Hagenthal le bas
15%
Hagenthal le haut
15%
Jungholtz
15%
Andolsheim
14%
Durmenach
14%
Franken
14%
Hartmannswiller
14%
Heimsbrunn
14%
Kappelen
14%
Koetzingue
14%
Lapoutroie
14%
Le Bonhomme
14%
Linthal
14%
Lucelle
14%
Munchhouse
14%
Soultzmatt
14%
Spechbach
14%
Altenach
13%
BLODELSHEIM
13%
Bouxwiller
13%
Brinckheim
13%
Feldkirch
13%
Fislis
13%
Flaxlanden
13%
Helfrantzkirch
13%
Hirtzbach
13%
Hochstatt
13%
Houssen
13%
Kaysersberg-Vignoble
13%
Kiffis
13%
Merxheim
13%
Oderen
13%
Reguisheim
13%
Riespach
13%
Saint-Bernard
13%
Sainte Hippolyte
13%
Sentheim
13%
Urbes
13%
Winkel
13%
Attenschwiller
12%
Ballersdorf
12%
Bergheim
12%
Heidwiller
12%
Horbourg Wihr
12%
Knoeringue
12%
Moernach
12%
Muespach le haut
12%
Niederhergheim
12%
Pfaffenheim
12%
Tagsdorf
12%
Bisel
11%
Buschwiller
11%
Feldbach
11%
Froeningen
11%
Guemar
11%
Heimersdorf
11%
Hirtzfelden
11%
Lautenbach
11%
Liebsdorf
11%
Liepvre
11%
Ligsdorf
11%
Montreux-Jeune
11%
Montreux-Vieux
11%
Oberhergheim
11%
Ostheim
11%
Rantzwiller
11%
Roppentzwiller
11%
Sewen
11%
Soppe le Bas
11%
Steinbrun le bas
11%
Steinbrun le haut
11%
Stetten
11%
Wittersdorf
11%
Balschwiller
10%
Bettlach
10%
Courtavon
10%
Durlinsdorf
10%
Hagenbach
10%
Hausgauen
10%
Hunawihr
10%
Hundsbach
10%
Illtal
10%
Jebsheim
10%
Largitzen
10%
Leimbach
10%
Luemschwiller
10%
Malmerspach
10%
Masevaux Niederbruck
10%
Neuwiller
10%
Oltingue
10%
Raedersheim
10%
Roderen
10%
Steinbach
10%
Steinsoultz
10%
Traubach le bas
10%
Traubach le Haut
10%
Wentzwiller
10%
Zaessingue
10%
Balgau
9%
Beblenheim
9%
Bendorf
9%
Bergholtz
9%
BETTENDORF
9%
Bourbach-Le-Bas
9%
Bourbach-le-Haut
9%
Brechaumont
9%
Eglingen
9%
Friesen
9%
Geishouse
9%
Gommersdorf
9%
Gueberschwihr
9%
Heiwiller
9%
Herrlisheim pres Colmar
9%
Ingersheim
9%
Koestlach
9%
Levoncourt
9%
Linsdorf
9%
Manspach
9%
Metzeral
9%
Mollau
9%
Mooslargue
9%
Saint Croix aux Mines
9%
Schweighouse Thann
9%
Waltenheim
9%
Werentzhouse
9%
Wettolsheim
9%
Wihr au Val
9%
Wildenstein
9%
Berentzwiller
8%
Chavannes sur l'étang
8%
Goldbach Altenbach
8%
Hindlingen
8%
Labaroche
8%
Liebenswiller
8%
Orschwihr
8%
Raedersdorf
8%
Rumersheim le haut
8%
Soultzeren
8%
Vieux Ferette
8%
Wolschwiller
8%
Appenwihr
7%
Artzenheim
7%
Aspach Michelbach
7%
Biederthal
7%
Chalempe
7%
Dessenheim
7%
Freland
7%
Fulleren
7%
Gundolsheim
7%
Illhaeusern
7%
Kunheim
7%
Lautenbachzell
7%
Mittlach
7%
Mitzach
7%
Murbach
7%
Nambsheim
7%
Niederentzen
7%
Oberbruck
7%
Retzwiller
7%
Rimbach pres Masevaux
7%
Rimbachzell
7%
Roggenhouse
7%
Storckensohn
7%
Stosswihr
7%
Strueth
7%
Wahlbach
7%
BERGHOLTZZELL
6%
Bischwihr
6%
Diefmatten
6%
Dolleren
6%
Emlingen
6%
Falkwiller
6%
Fortschwihr
6%
Hattstatt
6%
Hecken
6%
Husseren les Chateaux
6%
Magny
6%
Mertzen
6%
Mittelwihr
6%
Niedermorschwihr
6%
Rimbach pres Guebwiller
6%
Ruederbach
6%
Rustenhart
6%
Sondersdorf
6%
Sundhoffen
6%
Thannenkirch
6%
Valdieu Lutran
6%
Volgelsheim
6%
Aubure
5%
Baltzenheim
5%
Bellemagny
5%
Benwihr
5%
Biesheim
5%
Bretten
5%
Buethwiller
5%
Elbach
5%
Eteimbes
5%
Gildwiller
5%
Guevenatten
5%
Gunsbach
5%
Heiteren
5%
Hettenschlag
5%
Kirchberg
5%
Le Haut Soultzbach
5%
Logelheim
5%
Oberentzen
5%
Obersaasheim
5%
Rammersmatt
5%
Saint Cosme
5%
Saint Ulrich
5%
Schwoben
5%
Sondernach
5%
Ueberstrass
5%
Voegtlinshoffen
5%
Wegscheid
5%
Wuenheim
5%
Algolsheim
4%
Muhlbach sur Munster
4%
Muntzenheim
4%
Munwiller
4%
Osenbach
4%
Rodern
4%
Romagny
4%
Rombach le Franc
4%
Sickert
4%
Sternenberg
4%
Weckolsheim
4%
Wolfersdorf
4%
Zimmerbach
4%
Biltzheim
3%
Carpasch
3%
Durrenentzen
3%
Geiswasser
3%
Oberlag
3%
Porte du Ried
3%
Walbach
3%
Wickerschwihr
3%
Wolfgantzen
3%
Zellenberg
3%
Breitenbach Haut Rhin
2%
Eschbach au val
2%
Griesbach au val
2%
Grussenheim
2%
Hohrod
2%
Katzenthal
2%
Luttenbach pres Munster
2%
Petterhouse
2%
Rorschwihr
2%
Soultzbach les bains
2%
Urschenheim
2%
Wasserbourg
2%
Westhalen
2%
Widensolen
2%
Huseren Wesserling
1%
Leguisheim
1%
Mobermorschwiller
1%
Obermoschwihr
1%
Voelgrun
1%
Aucun quiz correspondant
Distribution des résultats
% des personnes avec chaque résultat
Percentile par nombre de réponses
Votre historique - résultats
Vous n’avez pas pris ce quiz